MARC

LEADER 00000nas a2200000 a 4500
001 ssj0000202
003 WaSeSS
005 20200512172242.0
006 m d
007 cr n
008 991011d19892004iluwn pss 0 0eng c
010 |a  2004255448 
022 |y 1042-6841 
035 |a (WaSeSS)ssj0000202 
040 |a BNG  |b eng  |c BNG  |d OCLCQ  |d ZCU  |d OCLCQ  |d OCLCE  |d OCLCQ  |d OCLCO  |d OCLCF  |d OCLCO  |d OCLCQ  |d WT2  |d OCLCQ  |d CEF  |d TOF  |d OCLCQ  |d AU@  |d VT2  |d OCLCQ  |d WaSeSS 
042 |a pcc 
050 1 4 |a HG8751 
130 0 |a National underwriter (Property & casualty/risk & benefits management edition : Online) 
245 1 0 |a National underwriter  |h [electronic resource]. 
246 1 |i Collection title on website:  |a National underwriter. P & C 
246 3 |a National underwriter, property and casualty, risk and benefits management 
246 3 |a National underwriter, property & casualty/risk & benefits management 
250 |a Property & casualty/risk & benefits management ed. 
260 |a [Chicago, IL] :  |b [National Underwriter Co.],  |c 1989-2004. 
310 |a Weekly (except last week in Dec.) 
362 0 |a 93rd year, no. 2 (Jan. 9, 1989)-v. 108, no. 8 (Mar. 1, 2004). 
500 |a Title from journal home page (ABI/INFORM Global, viewed Oct. 27, 2004). 
500 |a Published: Erlanger, KY, Dec. 13, 1999-Mar. 1, 2004. 
506 |a License restrictions may limit access. 
515 |a Mar. 31, 1997 Centennial issue issued jointly with: National underwriter (Life, health/financial services ed.). 
538 |a Mode of access: World Wide Web. 
650 0 |a Property insurance  |v Periodicals. 
650 0 |a Casualty insurance  |v Periodicals. 
650 0 |a Employee fringe benefits  |v Periodicals. 
650 0 |a Risk (Insurance)  |v Periodicals. 
650 7 |a Casualty insurance.  |2 fast  |0 (OCoLC)fst01715790 
650 7 |a Employee fringe benefits.  |2 fast  |0 (OCoLC)fst00908971 
650 7 |a Property insurance.  |2 fast  |0 (OCoLC)fst01715900 
650 7 |a Risk (Insurance)  |2 fast  |0 (OCoLC)fst01098134 
650 7 |a Assurance-incendie.  |2 rasuqam 
650 1 7 |a Assurance.  |2 rasuqam 
650 7 |a Avantages sociaux.  |2 rasuqam 
650 7 |a Assurance de dommages.  |2 rasuqam 
650 7 |a Propriété  |2 rasuqam 
650 7 |a Risque (Assurance)  |2 rasuqam 
655 0 |a Electronic journals. 
710 2 |a National Underwriter Company. 
776 0 8 |i Print version:  |t National underwriter (Property & casualty/risk & benefits management edition)  |x 1042-6841  |w (DLC)sn 89007449  |w (OCoLC)19106506 
776 0 8 |i Microfilm version:  |t National underwriter (Property & casualty/risk & benefits management edition)  |x 1042-6841  |w (DLC)sf 98094986  |w (OCoLC)20938867 
780 0 0 |t National underwriter (Property & casualty/employee benefits edition : Online)  |x 0898-8897  |w (DLC)sn 87020428  |w (OCoLC)244293931 
785 0 0 |t National underwriter. P & C (Online)  |w (DLC) 2004255449  |w (OCoLC)56838717 
856 4 0 |z Full text available from Research Library: 02/10/1992 to 03/01/2004  |u https://search.proquest.com/publication/44704